00872nam a2200205 a 450000100100000000500170001000800410002704000250006808200160009310000430010924500890015226000550024130000290029649000310032550400740035683000380043004900090046895201720047799900170064900003149120240301142627.0110627s1952 dr c 000 0 spa d aDO-SdBNPbspacBNPHU axxxxbN789u1 aNolasco, Sócrates,d1884-198092232314aUna provincia folklorica :bCuba, Puerto Rico y Santo Domingo /cSócrates Nolasco. aSantiago de Cuba :bUniversidad de Oriente,c1952. a32 p. :bretr. ;c24 cm.1 aUniversidad de Orientev19 aIncluye referencias bibliográficas y notas al pie de las páginas. 0aUniversidad de Orientev19957876 aBNPD 001050718RVaPDbPDcCTd2011-06-27iLF1l0oxxxx N789up31491-10r2020-06-25w2020-06-25y1zPerteneció a la biblioteca personal de Martínez BoogZNo se presta c30983d30983